Responses for Show #5380 - Friday, January 18, 2008

Contestants

[<< previous game]

Emily Ullman, a law student from Palisades, New York

Christa Franklin Ishino, a homemaker and freelance editor from Northville, Michigan

Susan Forman, a homemaker and former attorney from Waccabuc, New York (whose 2-day cash winnings total $45,800)

[next game >>]

Jeopardy! Round responses

WATER UNDER THE BRIDGE
FILMS FROM COMIC BOOKS
BOOK KNOWLEDGE
YOU ARE WHAT YOU EAT
HAYDN
SEEK
    $200 23
the Thames

Emily
    $200 16
Spider-Man

Christa
    $200 1
the spine

Emily
    $200 7
honey

Susan
    $200 5
Vienna

Emily
    $200 18
Bigfoot

Emily
    $400 27
the Ganges

Christa
    $400 17
Batman

Susan
    $400 2
(Emily: What is preface?)

prologue

ChristaEmily
    $400 8
a Jelly Belly

Emily
    $400 12
Franz

Christa
    $400 19
the Fountain of Youth

Christa
    $600 28
the East River

Christa
    $600 24
Catwoman

Christa
    $600 3
an index

Emily
    $600 9
a hot dog

Susan
    $600 13
Mozart

Susan
    $2,000 20
(Alex: That's the one. They didn't find him.)

the Loch Ness Monster

Christa
    $800 29
Puget Sound

Emily
    $800 25
the Silver Surfer

Emily
    $800 4
(Alex: Nnnn... we'll accept that, yes.)

the font

Susan
    $800 10
a Twinkie

Christa
    $800 14
Sturm und Drang

Susan
    $800 21
Noah's Ark

Christa
    $1000 30
(Alex: We're in Florida for [*].)

Tampa Bay

Triple Stumper
    $1000 26
Daredevil

Emily
    $1000 6
(Susan: What is a frontispiece?)
...
(Alex: Entomology deals with bugs, entomological name--[*].)

the fly (or the fly leaf)

Susan
Triple Stumper
    $1000 11
a poor boy

Christa
    $1000 15
the "Surprise Symphony"

Emily
    $1000 22
Roanoke

Susan

Scores at the first commercial break (after clue 15):

Susan Christa Emily
$2,000 $2,600 $2,000

Scores at the end of the Jeopardy! Round:

Susan Christa Emily
$3,400 $7,600 $5,000

Double Jeopardy! Round responses

PHOTOGRAPHY
TOUGH TUNES
POTENT POTABLES
13-LETTER WORDS
LITERARY GREAT ESCAPES
YOU'VE BEEN EXILED
    $400 16
the Empire State Building

Susan
    $400 1
ants

Susan
    $400 17
the martini

Susan
    $400 26
a knickerbocker

Emily
    $400 6
Uncle Tom's Cabin

Susan
    $400 11
Saigon

Christa
    $800 22
a fisheye lens

Emily
    $800 2
save the best for last

Susan
    $800 18
whiskey

Emily
    $800 27
jurisprudence

Susan
    $800 7
Odysseus

Emily
    $800 12
South Korea

Triple Stumper
    $1200 23
Lumière

Emily
    $1200 3
Wildfire

Susan
    $1200 19
blue

Emily
    $1200 28
effervescence

Christa
    $2,500 8
(Emily: What is The Count of Monte Cristo?)
Alex: No. What is [*]. [*]. Steve McQueen starred as him in the movie.)

Papillon

Emily
    $1200 13
Batista

Christa
    $2,000 24
(Emily: What is... the shutter?)

aperture

Emily
    $1600 4
(Christa: What is Carolina?)

Kentucky

Christa
Triple Stumper
    $1600 20
a flip

Emily
    $1600 29
lexicographer

Triple Stumper
    $1600 9
Natty Bumppo

Susan
    $1600 14
Mexico

Triple Stumper
    $2000 25
(Diane) Arbus

Emily
    $2000 5
(Emily: What is Mordor?)

the Misty Mountains

Emily
Triple Stumper
    $2000 21
Galliano

Susan
    $2000 30
a lepidopterist

Triple Stumper
    $2000 10
Candide

Susan
    $2000 15
(Alex: And his oldest brother's name was [*]. Sorry, Christa, not quickly enough.)

Joseph

Triple Stumper

Scores at the end of the Double Jeopardy! Round:

Susan Christa Emily
$13,400 $8,800 $7,300

[wagering suggestions for these scores]

Final Jeopardy! Round responses

BIBLICAL NAMES
(Alex: What is the Hebrew word for peace that would come to mind we hope immediately. That would help you come up with this young man's name.)
...
(Alex: Who was [*]? "[*], [*], my son." Yes, indeed. The son of King David.)
EmilyWho was Absalom
$7,000
ChristaWho was Absalom?
$8,799
SusanWho is Cain?
$4,200
Absalom

Final scores:

Susan Christa Emily
$9,200 $17,599 $14,300
3rd place: $1,000 New champion: $17,599 2nd place: $2,000

Game dynamics:

Coryat scores:

Susan Christa Emily
$13,400 $7,400 $11,800
17 R,
1 W
14 R
(including 1 DD),
1 W
18 R,
4 W
(including 2 DDs)

Combined Coryat: $32,600

[game clues] [game scores] [suggest correction]

Game tape date: 2007-10-24
The J! Archive is created by fans, for fans. Scraping, republication, monetization, and malicious use prohibited; this site may use cookies and collect identifying information. See terms. The Jeopardy! game show and all elements thereof, including but not limited to copyright and trademark thereto, are the property of Jeopardy Productions, Inc. and are protected under law. This website is not affiliated with, sponsored by, or operated by Jeopardy Productions, Inc. Join the discussion at JBoard.tv.